Normal view
MARC view
- Sinha, S K
Entry Personal Name
001 - CONTROL NUMBER
- control field: 7428
003 - CONTROL NUMBER IDENTIFIER
- control field: OSt
005 - DATE AND TIME OF LATEST TRANSACTION
- control field: 20250415144404.0
008 - FIXED-LENGTH DATA ELEMENTS
- fixed length control field: 250415|| aca||aabn | a|a d
040 ## - CATALOGING SOURCE
- Original cataloging agency: OSt
- Transcribing agency: OSt
100 ## - HEADING--PERSONAL NAME
- Personal name: Sinha, S K
670 ## - SOURCE DATA FOUND
- Source citation: Work cat.: (OSt)1996: Janardhan, Sha . 7427, Construction and foundation engineering / , 1986.
